[Event "GER-chT U10"]
[Site "Magdeburg"]
[Date "2016.12.27"]
[Round "2.3"]
[White "Liang, Jiaxuan"]
[Black "Schulz, Hannah"]
[Result "0-1"]
[WhiteElo "984"]
[BlackElo "1045"]
[PlyCount "58"]
[EventDate "2016.12.27"]
[EventType "team-swiss"]
[EventRounds "7"]
[EventCountry "GER"]
[SourceTitle "EXT 2018"]
[Source "ChessBase"]
[SourceDate "2017.10.13"]
[SourceVersion "1"]
[SourceVersionDate "2017.10.13"]
[SourceQuality "1"]
[WhiteTeam "Hohentuebingen"]
[BlackTeam "Karlsruhe SF"]
[WhiteTeamCountry "GER"]
[BlackTeamCountry "GER"]

1. e4 e5 2. Nf3 Nc6 3. Bb5 Bb4 4. a3 Bc5 5. d3 d6 6. Nbd2 Bg4 7. Nf1 Nf6 8. Bg5 0-0 9. Ng3 Rb8 10. h3 Bxf3 11. Qxf3 Nd4 12. Qd1 Nxb5 13. Qe2 Nd4 14. Qd2 Ne6 15. Bh4 Nf4 16. 0-0 c6 17. c3 d5 18. Qd1 d4 19. b4 Be7 20. cxd4 Qxd4 21. Qd2 Nxe4 22. Nxe4 Bxh4 23. Kh1 Rfd8 24. Rad1 f5 25. Nc3 e4 26. g3 Bf6 27. gxf4 Qxc3 28. Qxc3 Bxc3 29. dxe4 fxe4 0-1